Connaissez vraiment Shrek ? - Statistiques

Statistiques générales
  • Ce quiz a été pris 541 fois
  • Le résultat moyen est 9 sur 12
Statistiques - réponses
Question Réponse % Correct
Quel animal était auparavant le père de Fiona ? Une grenouille
97%
Quelle particularité ont les trois souris ? Elles sont aveugles
96%
Qu'est-ce que les policiers trouvent dans la poche du chat Potté lors de son arrestation ? De l'herbe à chat
86%
Qui est la marraine la bonne fée par rapport au prince Charmant ? Sa mère
85%
Combien d'enfants Fiona et Shrek ont-ils ensemble ? Trois
85%
Où Shrek et l'âne rencontrent le chat Potté ? Dans la forêt
82%
Qui fait signer à Shrek un contrat magique "un ogre pour un jour" ? Tracassin
80%
Qu'est devenue Fiona dans la vie parallèle ? Une redoutable guerrière
78%
Quel est le cadeau du menu enfant que commande marraine la bonne fée au prince Charmant ? Une hache
70%
Comment est la fleur que Shrek demande à l'âne d'aller chercher pour "le soigner" ? Fleur bleue épines rouges
60%
Qui trahit Fiona et les autres princesses, avec le prince Charmant ? Raiponce
54%
Quelles sont les dernières paroles de l'âne lorsqu'il s'évanouit après avoir pris de la potion ? Les gondoles à Venise....
48%
Aucun quiz correspondant
Distribution des résultats
% des personnes avec chaque résultat
Percentile par nombre de réponses
Votre historique - résultats
Vous n’avez pas pris ce quiz